LEADER 00648nam a2200193 i 4500 001 000000102962 003 CaOOAMICUS 005 20010912000000.0 008 010912s1993 it u000 u ita u 013 $a75120 020 $a88-14-03751-5 040 $aSeMil$bita 245 10$aValidità-Zucchero. 300 $aXXX, 1259 p. 773 0 $tEnciclopedia del diritto.$dMilano : Giuffrè, 1958-1995.$g46$w()3324 850 $aSeMil 852 $aSeMil$W1$xVenegono$y1$mSL1.N VII 61$j258168$B59423$CSeMilBibl$Z2$F43914 $8I 996 $6020$a88-14-03751-5$9(OLS)http://semarc/number/82673 996 $6245$aValidità-Zucchero$9(OLS)http://semarc/title/149705 LEADER 01128nam a2200277 i 4500 001 000000230094 003 CaOOAMICUS 005 20140527000000.0 008 140527s1951 it u000 u ita u 013 $a208996 040 $aSeMil$bita 100 1 $aGalbiati, Enrico Rodolfo,$c.$0(OLS)http://semarc/name/5351 245 10$aPagine difficili della Bibbia (Antico Testamento) /$cE. Galbiati, A. Piazza. 250 $a[1. edizione]. 260 $aMilano :$bMassimo,$c1951. 300 $a341 p. ;$c22 cm. 500 $aContiene : Nota bibliografica. 650 4$aBibbia. Antico Testamento - Commentari, studi, critica, interpretazioni.$0(OLS)http://semarc/subject/2 700 1 $aPiazza, Alessandro.$0(OLS)http://semarc/name/41719 850 $aSeMil 852 $aSeMil$W1$xVenegono$y1$m2Z II 59$j180440$B180440$CSeMilBibl$Z2$F191454 $81 900 1 $aGalbiati, Enrico. 961 $aOmaggio: Altro 996 $6245$aPagine difficili della Bibbia (Antico Testamento)$9(OLS)http://semarc/title/141051 996 $6260$aMilano :$bMassimo$9(OLS)http://semarc/publisher/30297